<?xml version="1.0" encoding="UTF-8"?>
<collection xmlns="http://www.loc.gov/MARC21/slim">
 <record>
  <leader>04116cam a2200733   4500</leader>
  <controlfield tag="001">175328452X</controlfield>
  <controlfield tag="003">DE-627</controlfield>
  <controlfield tag="005">20221021085402.0</controlfield>
  <controlfield tag="007">cr uuu---uuuuu</controlfield>
  <controlfield tag="008">210407s2021    gw |||||om    00| ||ger c</controlfield>
  <datafield tag="016" ind1="7" ind2=" ">
   <subfield code="a">1230930353</subfield>
   <subfield code="2">DE-101</subfield>
  </datafield>
  <datafield tag="020" ind1=" " ind2=" ">
   <subfield code="a">9783948466701</subfield>
   <subfield code="c">(PDF)</subfield>
   <subfield code="9">978-3-948466-70-1</subfield>
  </datafield>
  <datafield tag="024" ind1="7" ind2=" ">
   <subfield code="a">urn:nbn:de:bsz:16-ahn-artbook-754-3</subfield>
   <subfield code="2">urn</subfield>
  </datafield>
  <datafield tag="024" ind1="7" ind2=" ">
   <subfield code="a">10.11588/arthistoricum.754</subfield>
   <subfield code="2">doi</subfield>
  </datafield>
  <datafield tag="035" ind1=" " ind2=" ">
   <subfield code="a">(DE-627)175328452X</subfield>
  </datafield>
  <datafield tag="035" ind1=" " ind2=" ">
   <subfield code="a">(DE-599)KXP175328452X</subfield>
  </datafield>
  <datafield tag="035" ind1=" " ind2=" ">
   <subfield code="a">(OCoLC)1245426778</subfield>
  </datafield>
  <datafield tag="035" ind1=" " ind2=" ">
   <subfield code="a">(DE-101)1230930353</subfield>
  </datafield>
  <datafield tag="040" ind1=" " ind2=" ">
   <subfield code="a">DE-627</subfield>
   <subfield code="b">ger</subfield>
   <subfield code="c">DE-627</subfield>
   <subfield code="e">rda</subfield>
  </datafield>
  <datafield tag="041" ind1=" " ind2=" ">
   <subfield code="a">ger</subfield>
  </datafield>
  <datafield tag="044" ind1=" " ind2=" ">
   <subfield code="c">XA-DE-BW</subfield>
  </datafield>
  <datafield tag="082" ind1="0" ind2=" ">
   <subfield code="a">759.5</subfield>
   <subfield code="q">DE-101</subfield>
  </datafield>
  <datafield tag="082" ind1="0" ind2="4">
   <subfield code="a">750</subfield>
   <subfield code="q">DE-101</subfield>
  </datafield>
  <datafield tag="084" ind1=" " ind2=" ">
   <subfield code="a">KUNST</subfield>
   <subfield code="q">DE-16</subfield>
   <subfield code="2">fid</subfield>
  </datafield>
  <datafield tag="100" ind1="1" ind2=" ">
   <subfield code="a">Weiger, Katharina</subfield>
   <subfield code="e">VerfasserIn</subfield>
   <subfield code="0">(DE-588)1230930191</subfield>
   <subfield code="0">(DE-627)1753285267</subfield>
   <subfield code="4">aut</subfield>
  </datafield>
  <datafield tag="245" ind1="1" ind2="0">
   <subfield code="a">Studien zu einer Kreuzigung im Louvre</subfield>
   <subfield code="b">Malerei nach Giotto in Unteritalien und Kunst am Anjou-Hof</subfield>
   <subfield code="c">Katharina Weiger ; Erstgutachter war Prof. Wolf-Dietrich Löhr, Zweitgutachter Prof. Dr. Eberhard König</subfield>
  </datafield>
  <datafield tag="264" ind1=" " ind2="1">
   <subfield code="a">Heidelberg</subfield>
   <subfield code="b">arthistoricum.net</subfield>
   <subfield code="c">2021</subfield>
  </datafield>
  <datafield tag="300" ind1=" " ind2=" ">
   <subfield code="a">1 Online-Ressource (225 Seiten)</subfield>
   <subfield code="b">Illustrationen</subfield>
  </datafield>
  <datafield tag="336" ind1=" " ind2=" ">
   <subfield code="a">Text</subfield>
   <subfield code="b">txt</subfield>
   <subfield code="2">rdacontent</subfield>
  </datafield>
  <datafield tag="337" ind1=" " ind2=" ">
   <subfield code="a">Computermedien</subfield>
   <subfield code="b">c</subfield>
   <subfield code="2">rdamedia</subfield>
  </datafield>
  <datafield tag="338" ind1=" " ind2=" ">
   <subfield code="a">Online-Ressource</subfield>
   <subfield code="b">cr</subfield>
   <subfield code="2">rdacarrier</subfield>
  </datafield>
  <datafield tag="490" ind1="0" ind2=" ">
   <subfield code="a">ART-Books</subfield>
  </datafield>
  <datafield tag="502" ind1=" " ind2=" ">
   <subfield code="b">Dissertation</subfield>
   <subfield code="c">Freie Universität Berlin</subfield>
   <subfield code="d">2018</subfield>
  </datafield>
  <datafield tag="655" ind1=" " ind2="7">
   <subfield code="a">Hochschulschrift</subfield>
   <subfield code="0">(DE-588)4113937-9</subfield>
   <subfield code="0">(DE-627)105825778</subfield>
   <subfield code="0">(DE-576)209480580</subfield>
   <subfield code="2">gnd-content</subfield>
  </datafield>
  <datafield tag="689" ind1="0" ind2="0">
   <subfield code="d">b</subfield>
   <subfield code="0">(DE-588)1006837-5</subfield>
   <subfield code="0">(DE-627)103088997</subfield>
   <subfield code="0">(DE-576)191169234</subfield>
   <subfield code="a">Musée du Louvre</subfield>
   <subfield code="2">gnd</subfield>
  </datafield>
  <datafield tag="689" ind1="0" ind2="1">
   <subfield code="d">p</subfield>
   <subfield code="0">(DE-588)118539477</subfield>
   <subfield code="0">(DE-627)079338909</subfield>
   <subfield code="0">(DE-576)161119166</subfield>
   <subfield code="a">Giotto</subfield>
   <subfield code="c">di Bondone</subfield>
   <subfield code="d">1266-1337</subfield>
   <subfield code="2">gnd</subfield>
  </datafield>
  <datafield tag="689" ind1="0" ind2="2">
   <subfield code="d">s</subfield>
   <subfield code="0">(DE-588)4140619-9</subfield>
   <subfield code="0">(DE-627)104540303</subfield>
   <subfield code="0">(DE-576)209704292</subfield>
   <subfield code="a">Werkstatt</subfield>
   <subfield code="2">gnd</subfield>
  </datafield>
  <datafield tag="689" ind1="0" ind2="3">
   <subfield code="d">u</subfield>
   <subfield code="0">(DE-588)1059654644</subfield>
   <subfield code="0">(DE-627)798727276</subfield>
   <subfield code="0">(DE-576)415746205</subfield>
   <subfield code="a">Kreuzigung Jesu</subfield>
   <subfield code="2">gnd</subfield>
  </datafield>
  <datafield tag="689" ind1="0" ind2=" ">
   <subfield code="5">(DE-627)</subfield>
  </datafield>
  <datafield tag="700" ind1="1" ind2=" ">
   <subfield code="a">Löhr, Wolf-Dietrich</subfield>
   <subfield code="e">AkademischeR BetreuerIn</subfield>
   <subfield code="0">(DE-588)133866068</subfield>
   <subfield code="0">(DE-627)557860334</subfield>
   <subfield code="0">(DE-576)30015805X</subfield>
   <subfield code="4">dgs</subfield>
  </datafield>
  <datafield tag="700" ind1="1" ind2=" ">
   <subfield code="a">König, Eberhard</subfield>
   <subfield code="d">1947-</subfield>
   <subfield code="e">AkademischeR BetreuerIn</subfield>
   <subfield code="0">(DE-588)120348241</subfield>
   <subfield code="0">(DE-627)080618588</subfield>
   <subfield code="0">(DE-576)267939507</subfield>
   <subfield code="4">dgs</subfield>
  </datafield>
  <datafield tag="751" ind1=" " ind2=" ">
   <subfield code="a">Berlin</subfield>
   <subfield code="0">(DE-588)4005728-8</subfield>
   <subfield code="0">(DE-627)10482638X</subfield>
   <subfield code="0">(DE-576)208862560</subfield>
   <subfield code="4">uvp</subfield>
  </datafield>
  <datafield tag="776" ind1="1" ind2=" ">
   <subfield code="z">9783948466718</subfield>
   <subfield code="c">(Softcover)</subfield>
  </datafield>
  <datafield tag="776" ind1="0" ind2="8">
   <subfield code="i">Erscheint auch als</subfield>
   <subfield code="n">Druck-Ausgabe</subfield>
   <subfield code="a">Weiger, Katharina</subfield>
   <subfield code="t">Studien zu einer Kreuzigung im Louvre</subfield>
   <subfield code="d">Heidelberg : arthistoricum.net, 2021</subfield>
   <subfield code="h">225 Seiten</subfield>
   <subfield code="w">(DE-627)1747262471</subfield>
   <subfield code="z">9783948466718</subfield>
  </datafield>
  <datafield tag="787" ind1="0" ind2="8">
   <subfield code="i">Rezensiert in</subfield>
   <subfield code="a">Westermann, Simone</subfield>
   <subfield code="t">[Rezension von: Katharina Weiger, Studien zu einer Kreuzigung im Louvre. Malerei nach Giotto]</subfield>
   <subfield code="d">2022</subfield>
   <subfield code="w">(DE-627)1819611760</subfield>
  </datafield>
  <datafield tag="856" ind1="4" ind2="0">
   <subfield code="u">https://doi.org/10.11588/arthistoricum.754</subfield>
   <subfield code="v">2022-02-07</subfield>
   <subfield code="x">Verlag</subfield>
   <subfield code="x">Resolving-System</subfield>
   <subfield code="z">kostenfrei</subfield>
   <subfield code="3">Volltext</subfield>
  </datafield>
  <datafield tag="856" ind1="4" ind2="0">
   <subfield code="u">https://books.ub.uni-heidelberg.de/arthistoricum/catalog/book/754</subfield>
   <subfield code="q">application/pdf</subfield>
   <subfield code="v">2022-02-07</subfield>
   <subfield code="x">Verlag</subfield>
   <subfield code="z">kostenfrei</subfield>
   <subfield code="3">Volltext</subfield>
  </datafield>
  <datafield tag="856" ind1="4" ind2="0">
   <subfield code="u">https://doi.org/10.11588/arthistoricum.754</subfield>
   <subfield code="v">2021-05-05</subfield>
   <subfield code="x">Resolving-System</subfield>
  </datafield>
  <datafield tag="856" ind1="4" ind2="0">
   <subfield code="u">https://nbn-resolving.org/urn:nbn:de:bsz:16-ahn-artbook-754-3</subfield>
   <subfield code="v">2021-05-05</subfield>
   <subfield code="x">Resolving-System</subfield>
  </datafield>
  <datafield tag="856" ind1="4" ind2="0">
   <subfield code="u">https://d-nb.info/1230930353/34</subfield>
   <subfield code="v">2021-05-05</subfield>
   <subfield code="x">Langzeitarchivierung Nationalbibliothek</subfield>
  </datafield>
  <datafield tag="856" ind1="4" ind2="0">
   <subfield code="u">https://books.ub.uni-heidelberg.de/arthistoricum/catalog/book/754</subfield>
   <subfield code="q">application/pdf</subfield>
   <subfield code="v">2021-05-05</subfield>
   <subfield code="x">Verlag</subfield>
   <subfield code="z">kostenfrei</subfield>
   <subfield code="z">kostenfrei</subfield>
  </datafield>
  <datafield tag="912" ind1=" " ind2=" ">
   <subfield code="a">GBV-ODiss</subfield>
  </datafield>
  <datafield tag="951" ind1=" " ind2=" ">
   <subfield code="a">BO</subfield>
  </datafield>
  <datafield tag="994" ind1=" " ind2=" ">
   <subfield code="u">https://books.ub.uni-heidelberg.de/arthistoricum/reader/download/754/754-17-93096-1-10-20210406.pdf</subfield>
  </datafield>
  <datafield tag="994" ind1=" " ind2=" ">
   <subfield code="u">https://books.ub.uni-heidelberg.de/arthistoricum/reader/download/754/754-17-93096-1-10-20210406.pdf</subfield>
  </datafield>
  <datafield tag="994" ind1=" " ind2=" ">
   <subfield code="u">https://books.ub.uni-heidelberg.de/arthistoricum/reader/download/754/754-17-93096-1-10-20210406.pdf</subfield>
  </datafield>
  <datafield tag="994" ind1=" " ind2=" ">
   <subfield code="u">https://books.ub.uni-heidelberg.de/arthistoricum/catalog/book/754</subfield>
  </datafield>
  <datafield tag="994" ind1=" " ind2=" ">
   <subfield code="u">https://books.ub.uni-heidelberg.de/arthistoricum/reader/download/754/754-17-93096-1-10-20210406.pdf</subfield>
  </datafield>
  <datafield tag="990" ind1=" " ind2=" ">
   <subfield code="a">Musée du Louvre</subfield>
  </datafield>
  <datafield tag="990" ind1=" " ind2=" ">
   <subfield code="a">Giotto &lt;di Bondone&gt; </subfield>
  </datafield>
  <datafield tag="990" ind1=" " ind2=" ">
   <subfield code="a">Werkstatt</subfield>
  </datafield>
  <datafield tag="990" ind1=" " ind2=" ">
   <subfield code="a">Kreuzigung Jesu</subfield>
  </datafield>
  <datafield tag="991" ind1=" " ind2=" ">
   <subfield code="a">Rezensiertes Werk</subfield>
  </datafield>
  <datafield tag="999" ind1=" " ind2=" ">
   <subfield code="a">KXP-PPN175328452X</subfield>
   <subfield code="e">4208122536</subfield>
  </datafield>
 </record>
</collection>
